In-depth analysis (Record no. 79278)

MARC details
000 -LEADER
fixed length control field 01399cab a22002895a 4500
001 - CONTROL NUMBER
control field L140465
008 - FIXED-LENGTH DATA ELEMENTS--GENERAL INFORMATION
fixed length control field 070924e20070922xxk f 000 0 eng d
035 ## - SYSTEM CONTROL NUMBER
System control number (Sirsi) u140465
041 0# - LANGUAGE CODE
Language code of text/sound track or separate title eng
100 1# - MAIN ENTRY--PERSONAL NAME
Personal name Campbell, Mary
245 00 - TITLE STATEMENT
Title In-depth analysis
260 ## - PUBLICATION, DISTRIBUTION, ETC.
Date of publication, distribution, etc. 2007
490 ## - SERIES STATEMENT
Series statement Estates Gazette
Volume/sequential designation (0738) 22 September 2007, 200-201(2)
520 ## - SUMMARY, ETC.
Summary, etc. Examines the issue of seabed ownership. This issue is growing in importance due to the increasing number of offshore developments. These include oil and gas rigs, wind farms, wave and tidal power generators and undersea cables. Crown ownership of foreshore, which extends for 12 miles, is presumed but can be rebutted by express grant or 60 years' adverse possession. Ownership of the continental shelf and deep seabed is for at least 200 miles except in the case of agreements with other nations. Leases and licences of the seabed are required for development or mineral extraction.
590 ## - LOCAL NOTE (RLIN)
Local note KA
650 24 - SUBJECT ADDED ENTRY--TOPICAL TERM
Topical term or geographic name entry element LAW OF THE SEA CONVENTION
650 24 - SUBJECT ADDED ENTRY--TOPICAL TERM
Topical term or geographic name entry element MARINE BILL WHITE PAPER
650 24 - SUBJECT ADDED ENTRY--TOPICAL TERM
Topical term or geographic name entry element CONTINENTAL SHELF ACT 1964
650 24 - SUBJECT ADDED ENTRY--TOPICAL TERM
Topical term or geographic name entry element ENERGY ACT 2004
650 24 - SUBJECT ADDED ENTRY--TOPICAL TERM
Topical term or geographic name entry element ELECTRICITY ACT 1989 S36
650 24 - SUBJECT ADDED ENTRY--TOPICAL TERM
Topical term or geographic name entry element FOOD AND ENVIRONMENT PROTECTION ACT 1985 S5
650 24 - SUBJECT ADDED ENTRY--TOPICAL TERM
Topical term or geographic name entry element COAST PROTECTION ACT 1949 S34
650 24 - SUBJECT ADDED ENTRY--TOPICAL TERM
Topical term or geographic name entry element COAL INDUSTRY ACT 1994
651 #4 - SUBJECT ADDED ENTRY--GEOGRAPHIC NAME
Geographic name United Kingdom
Chronological subdivision
690 ## - LOCAL SUBJECT ADDED ENTRY--TOPICAL TERM (OCLC, RLIN)
Topical term or geographic name as entry element PROPERTY-RURAL AND NATURAL ASSETS
942 ## - ADDED ENTRY ELEMENTS (KOHA)
Suppress in OPAC 0
Holdings
Withdrawn status Lost status Source of classification or shelving scheme Damaged status Not for loan Home library Current library Shelving location Date acquired Total Checkouts Full call number Barcode Date last seen Copy number Price effective from Koha item type
    Dewey Decimal Classification     London London Journal article 24/09/2007   L140465 140465-2001 06/08/2019 1 06/08/2019 Journal article